000 01269cam a2200337 a 4500
999 _c219477
_d219477
001 12216520
003 Nust
005 20170210091043.0
008 001031r20012000nyub 000 1 eng
010 _a 00052747
020 _a9780753811399
040 _aDLC
_cDLC
_dDLC
043 _ae-uk-en
_aa-ii---
050 0 0 _aPR6056.O654
_bF57 2001
082 0 0 _a823.914
_bFOR
100 1 _aForbes, Leslie.
245 1 0 _aFish, blood, and bone /
_cLeslie Forbes.
250 _a1st American ed.
260 _aNew York :
_bFarrar, Straus and Giroux,
_c2001.
300 _a466 p. :
_bmaps ;
_c22 cm.
650 0 _aWomen photographers
_vFiction.
650 0 _aInheritance and succession
_vFiction.
650 0 _aAmericans
_zEngland
_vFiction.
650 0 _aAmericans
_zIndia
_vFiction.
650 0 _aCancer
_xResearch
_vFiction.
651 0 _aLondon (England)
_vFiction.
651 0 _aKolkata (India)
_vFiction.
655 7 _aDomestic fiction.
_2lcsh
655 7 _aMystery fiction.
_2gsafd
906 _a7
_bcbc
_corignew
_d1
_eocip
_f20
_gy-gencatlg
942 _2ddc
_cBK